Konsep universitias Islam

Bibliographic Details
Main Authors: Bilgrami, H. H. (Hamid Hasan) (Author), Ashraf, Syed Ali (Author)
Format: Book
Published: Yogyakarta Tiara Wacara 1989
Subjects:

MARC

LEADER 00000cam a2200000 7i4500
001 0000007307
008 021119n
020 |a 9798120035 
090 0 0 |a LC904  |b .B515 
100 0 |a Bilgrami, H. H.  |q (Hamid Hasan)  |e author 
245 0 0 |a Konsep universitias Islam   |c Hamid Hasan Bilgrami, Sayid Ali Ashraf   |f alih bahasa, Machnun Husein 
260 2 |a Yogyakarta   |b Tiara Wacara  |c 1989 
300 |a xxxii, 115 ms. ;  |c 19 sm. 
650 0 |a Education  |x Religious aspects  |x Islam 
650 0 |a Islamic universities and colleges 
650 0 |a Knowledge, Theory of (Islam) 
700 0 |a Ashraf, Syed Ali  |e author 
999 |a 1000032784  |b Book  |c OPEN SHELF (30 DAYS)  |e Gong Badak Campus